| 000 | 01087nam a22003017a 4500 | ||
|---|---|---|---|
| 001 | 1028 | ||
| 005 | 20230718142941.0 | ||
| 008 | 230718b cb ||||| |||| 00| 0 eng d | ||
| 020 | _a0736401458 | ||
| 040 |
_aDLC _cDLC _beng |
||
| 050 | 0 | 0 |
_aPZ8.3.M6355 _bDm 1999 |
| 082 | 0 | 0 |
_a[E] _221 |
| 100 | 1 | _aMilnes, Ellen. | |
| 245 | 1 | 0 |
_aDisney's Winnie the Pooh's sweet dreams : _bPooh's Early-to-Bed and Early-to-Rise Hum / _c[written by Ellen Milnes]. |
| 246 | 3 | 0 | _aWinnie the Pooh's sweet dreams |
| 260 |
_aNew York : _bDisney's _c1999. |
||
| 300 |
_a5 leaves : _bcolor illustrations ; _c20 cm. |
||
| 490 | 1 | _aLearn & grow | |
| 500 | _a"Based on the Pooh stories by A.A. Milne"--P. 4 of cover. | ||
| 505 | _aE | ||
| 520 | _aIn simple rhyming text Pooh speaks of the happy results of going to bed and getting up early. | ||
| 521 |
_a180
_bLexile estimate |
||
| 521 |
_aE
_bRaz-Plus |
||
| 650 | 1 |
_aToys _vFiction. |
|
| 700 | 1 |
_aMilne, A. A. _q(Alan Alexander), _d1882-1956. _tWinnie-the-Pooh. |
|
| 906 |
_a7 _bcbc _corignew _d2 _encip _f20 _gy-gencatlg |
||
| 942 |
_2ddc _cBK _n0 |
||
| 999 |
_c1028 _d1028 |
||